000 00792nam a2200301Ia 4500
008 170711s9999 xx 000 0 und d
020 _a71381392
050 _a618.92
050 _bP197 2002
100 _aPantley, Elizabeth
245 4 _aThe no-cry sleep solution :
245 _bgentle ways to help your baby sleep through the night /
245 _cby Elizabeth Pantley.
260 _aPhilippines :
260 _bMcGraw Hill,
260 _c2002
300 _axv, 254 pages :
300 _billustrations ;
300 _c20cm.
500 _aIncludes index.
650 _aChild reading.
650 _aFamilies --
650 _aInfants (Newborn) --
650 _aSleep disorders in children.
650 _xParent and child.
650 _xSleep.
700 _aTitle.
999 _c339779
_d339779